Israeli Parliament Members - Statistics

General Stats
  • This quiz has been taken 8 times
  • The average score is 11 of 120
Answer Stats
Hint Answer % Correct
Likud Benjamin Bibi Netanyahu
100%
Otzma Yehudit Itamar Ben Gvir
60%
Likud May Golan
60%
Yesh Atid Meirav Cohen
60%
Yesh Atid Meir Cohen
60%
Yesh Atid Yaron Levi
60%
Likud Israel Katz
40%
Likud Ofir Katz
40%
Religious Zionism Ohad Tal
40%
Yesh Atid Ron Katz
40%
Yesh Atid Yair Lapid
40%
Likud Yariv Levin
40%
Hadash-Ta'al Ahmad Tibi
20%
Blue and White Alon Schuster
20%
Otzma Yehudit Amichay Eliyahu
20%
Shas Aryeh Machluf Deri
20%
Yisrael Beitenu Avigdor Liberman
20%
Hadash-Ta'al Ayman Odeh
20%
Blue and White Benjamin "Benny" Gantz
20%
Likud Boaz Bismuth
20%
Yesh Atid Debbie Biton
20%
Yesh Atid Elazar Stern
20%
Labor Gilad Kariv
20%
Shas Haim Biton
20%
Yisrael Beitenu Hamad Amar
20%
United Arab List (Ra'am) Mansour Abbas
20%
United Torah Judaism Meir Porush
20%
Labor Merav Michaeli
20%
Blue and White Michael Mordechai Biton
20%
Yesh Atid Mickey Levy
20%
Religious Zionism Moshe Solomon
20%
Labor Naama Lazimi
20%
Religious Zionism Ofir Sofer
20%
United Torah Judaism Yitshak Goldknop
20%
Yesh Atid Adi Ezuz
0%
Likud Afef Abed
0%
Hadash-Ta'al Aida Touma Sliman
0%
New Hope - The United Right Akram Hasson
0%
Likud Amir Ohana
0%
Likud Amit Halevi
0%
Likud Ariel Kallner
0%
Likud Avichay Avraham Buaron
0%
Likud Avi Dicter
0%
Noam Avi Maoz
0%
Yesh Atid Boaz Toporovsky
0%
Blue and White Chili Tropper
0%
Likud Dan Illouz
0%
Likud David Bitan
0%
Labor Efrat Rayten Marom
0%
Blue and White Eitan Ginzburg
0%
Likud Eli Dallal
0%
Likud Eliyahu Revivo
0%
Likud Etty Hava Atia
0%
Yisrael Beitenu Evgeny Sova
0%
Likud Galit Distel Atbaryan
0%
Likud Gila Gamliel
0%
Likud Hanoch Dov Milwidsky
0%
United Arab List (Ra'am) Iman Khatib Yassin
0%
United Torah Judaism Israel Eichler
0%
Otzma Yehudit Issac Shimon Wasserlauf
0%
Yesh Atid Karine Elharrar
0%
Likud Kathrin Shitrit
0%
Otzma Yehudit Limor Sonn Har Melech
0%
Yesh Atid Matti Sarfatti Harcavi
0%
Yesh Atid Merav Ben Ari
0%
Shas Michael Malkieli
0%
Religious Zionism Michal Miriam Woldiger
0%
Yesh Atid Michal Shir Segman
0%
New Hope - The United Right Mishel Buskila
0%
Shas Moshe Abutbul
0%
Shas Moshe Arbel
0%
United Torah Judaism Moshe Gafni
0%
Likud Moshe Passal
0%
Likud Moshe Saada
0%
Yesh Atid Moshe Turpaz
0%
Yesh Atid Naor Shiri
0%
Likud Nir Barkat
0%
Likud Nissim Vaturi
0%
Yisrael Beitenu Oded Forer
0%
Hadash-Ta'al Ofer Cassif
0%
Blue and White Orit Farkash Hacohen
0%
Religious Zionism Orit Malka Strock
0%
Likud Osher Shkalim
0%
Blue and White Pnina Tameno
0%
Yesh Atid Ram Ben Barak
0%
Hadash-Ta'al Sameer Bin Said
0%
Likud Sasson Sassi Guetta
0%
Likud Shalom Danino
0%
Yisrael Beitenu Sharon Nir
0%
New Hope - The United Right Sharren Miriam Haskel
0%
Yesh Atid Shelly Tal Meron
0%
Likud Shlomo Karhi
0%
Religious Zionism Simcha Rothman
0%
Yesh Atid Simon Davidson
0%
Likud Tally Gotliv
0%
Yesh Atid Tatiana Mazarsky
0%
Likud Tsega Melaku
0%
Otzma Yehudit Tzvika Foghel
0%
Religious Zionism Tzvi Yedidia Sukkot
0%
Shas Uriel Busso
0%
United Torah Judaism Uri Maklev
0%
Yesh Atid Vladimir Beliak
0%
United Arab List (Ra'am) Waleed Alhwashla
0%
United Arab List (Ra'am) Waleed Taha
0%
United Torah Judaism Yaakov Asher
0%
United Torah Judaism Yaakov Tesler
0%
Blue and White Yael Ron Ben-Moshe
0%
Shas Yakov Margi
0%
United Arab List (Ra'am) Yasir Hujeirat
0%
Yesh Atid Yasmin Fridman
0%
Shas Yinon Azoulay
0%
Otzma Yehudit Yitzhak Kroizer
0%
Shas Yoav Ben Tzur
0%
Yesh Atid Yoav Segalovitz
0%
Shas Yonatan Mashriki
0%
Yesh Atid Yorai Lahav Hertzanu
0%
Shas Yosef Taieb
0%
Yisrael Beitenu Yulia Malinovsky
0%
Likud Yuli Yoel Edelstein
0%
New Hope - The United Right Zeev Elkin
0%
No matching quizzes found
Score Distribution
Percent of People with Each Score
Percentile by Number Answered
Your Score History
You have not taken this quiz